| 000 | 01661nam a2200361 i 4500 | ||
|---|---|---|---|
| 001 | 192061 | ||
| 003 | ES-MaACL | ||
| 005 | 20250902063120.0 | ||
| 008 | 221102s2019 sp a 010 pdspa | ||
| 017 |
_aMU 696-2019 _bOficina Depósito Legal Murcia |
||
| 040 | _cES-MaACL | ||
| 080 | _a821.134.2-14"19" | ||
| 080 | _a929 Conde, Carmen | ||
| 100 | 1 |
_aConde, Carmen, _d1907-1996 _eaut _940088 |
|
| 245 | 1 | 0 |
_aBrocal : _b90 aniversario de su primera publicación (1929-2019) / _cCarmen Conde ; ilustraciones de Virginia Bernal ; editan Mª José Vázquez & Fco. De la Iglesia |
| 246 |
_aBrocal : _b(poemas) |
||
| 250 | _a1ª edición, no venal | ||
| 250 | _aPrimera edición, junio de 2019 | ||
| 264 | 1 |
_aCartagena : _bPatronato Carmen Conde-Antonio Oliver, _c2019. |
|
| 300 |
_a91 páginas : _bilustraciones (blanco y negro y color) ; _c18 cm + _e1 folleto (1 h. pleg. (10 p.) : il. col. y n.; 12 x 12 cm) |
||
| 490 | 1 | _aVázquez & De la Iglesia. Cartagena de Levante | |
| 500 | _aEn contracub.: Libro homenaje a Carmen Conde, 90 aniversario de la 1ª publicación de Brocal | ||
| 600 | 1 | 4 |
_aConde, Carmen, _d1907-1996- _vHomenajes _9175694 |
| 600 | 1 | 4 |
_aConde, Carmen, _d1907-1996- _9141272 _xExposiciones |
| 655 | 4 |
_9193628 _aCatálogos de exposiciones |
|
| 700 | 1 |
_aBernal, Virginia, _d1970- _eill _9175695 |
|
| 710 | 2 |
_9234937 _aPatronato Carmen Conde-Antonio Oliver |
|
| 830 | 1 | 0 |
_aVázquez & De la Iglesia. Cartagena de Levante _9226088 |
| 852 | 4 |
_aES-MaACL _jN-8093 _bR. 153124 _hDonación: Mª José Vázquez & Fco. De la Iglesia |
|
| 942 |
_cMONOGRAFIA _n0 |
||
| 999 |
_c192061 _d192061 |
||